Sports Quiz

Random Sports or NBA Quiz
Score 0/150 Timer 15:00
29 Plays Today
% Correct
LeBron James
94.7%
LeBron James
94.7%
Stephen Curry
94.3%
Klay Thompson
91.9%
James Harden
90.9%
James Harden
90.9%
Hollis Thompson
90.9%
Kevin Durant
90.4%
Kevin Durant
90.4%
Kyrie Irving
87.6%
Kemba Walker
87.1%
Ray Allen
86.2%
Dirk Nowitzki
86%
Kobe Bryant
85.9%
Chris Paul
85.6%
Russell Westbrook
85.5%
Derrick Rose
84.3%
Paul Pierce
84%
Damian Lillard
84%
Draymond Green
83.9%
John Wall
83.9%
Danny Green
83.8%
Gerald Green
83.7%
Kyle Korver
83.5%
Carmelo Anthony
83.4%
Paul George
82.6%
Paul George
82.6%
Kyle Lowry
81.8%
Bradley Beal
81.5%
J.R. Smith
80.8%
J.R. Smith
80.8%
Mike Conley
76.1%
Kevin Love
76%
Kevin Love
76%
Deron Williams
75.6%
Marvin Williams
75.5%
Kawhi Leonard
74.7%
DeMar DeRozan
74.5%
C.J. McCollum
74.4%
Isaiah Thomas
74%
Isaiah Thomas
74%
Devin Booker
73.7%
Marc Gasol
73.6%
Joe Johnson
73%
Joe Johnson
73%
Nick Young
71.7%
Eric Gordon
71%
Eric Gordon
71%
Jimmy Butler
70.9%
Aaron Gordon
70.9%
% Correct
Khris Middleton
69.7%
J.J. Redick
69.6%
J.J. Redick
69.6%
J.J. Redick
69.6%
Joe Harris
65.3%
Gary Harris
65.2%
Jeff Teague
65.1%
Manu Ginóbili
64.2%
Donovan Mitchell
64.1%
Jamal Murray
63.9%
Reggie Jackson
62.7%
Karl-Anthony Towns
61.1%
Patty Mills
61.1%
Jason Kidd
61%
Andrew Wiggins
59%
Jrue Holiday
57.5%
Jrue Holiday
57.5%
Zach LaVine
56.5%
Gordon Hayward
55.4%
Vince Carter
54.1%
D'Angelo Russell
53.3%
Andre Iguodala
52.6%
Goran Dragić
52.6%
Goran Dragić
52.6%
Buddy Hield
52.2%
George Hill
51.8%
Jason Terry
51.3%
Darius Miller
48.5%
Nicolas Batum
46.1%
Nicolas Batum
46.1%
Matt Barnes
45.4%
Jamal Crawford
44.3%
Ricky Rubio
43.6%
Luol Deng
43.3%
Mario Chalmers
43%
Avery Bradley
41.4%
Danny Granger
41.1%
Trevor Ariza
41%
Trevor Ariza
41%
Ryan Anderson
38.3%
Ryan Anderson
38.3%
Evan Fournier
38.1%
Marcus Smart
37.8%
Rudy Gay
37.6%
Kristaps Porziņģis
36.5%
Joe Ingles
36.4%
Bojan Bogdanović
35.8%
Bojan Bogdanović
35.8%
Danilo Gallinari
35.1%
Brandon Jennings
34.2%
% Correct
J.J. Barea
33.8%
Otto Porter
33.2%
Wesley Matthews
33.2%
Wesley Matthews
33.2%
Kirk Hinrich
32.8%
Jameer Nelson
32.4%
Josh Richardson
31.6%
Robert Covington
28.6%
Will Barton
27.2%
Taurean Prince
25.5%
Terrence Ross
25.5%
Jordan Clarkson
24.9%
Tim Hardaway
24.5%
Wilson Chandler
22.9%
Metta World Peace
22%
Kentavious Caldwell-Pope
21.8%
Kentavious Caldwell-Pope
21.8%
O.J. Mayo
21.4%
Jeremy Lamb
21.4%
Chandler Parsons
21.3%
Patrick Beverley
20%
Ersan İlyasova
19.7%
Kent Bazemore
19.6%
Nikola Mirotić
16.5%
Thabo Sefolosha
16.1%
Austin Rivers
15.4%
Al-Farouq Aminu
15.1%
Channing Frye
15%
E'Twaun Moore
14.7%
Steve Novak
14.1%
C.J. Miles
13.8%
Daniel Gibson
13.4%
Rodney Hood
13.1%
Dario Šarić
12.7%
Andrea Bargnani
12.4%
Tony Snell
10.8%
Wayne Ellington
10.4%
Matt Bonner
10.3%
Jared Dudley
10.2%
Trey Burke
10.1%
Patrick Patterson
9.1%
Reggie Bullock
9.1%
Ben McLemore
8.6%
Frank Kaminsky
6.6%
Marcus Thornton
5.1%
Anthony Tolliver
4.9%
Omri Casspi
4.8%
Charlie Villanueva
3.2%
Carlos Delfino
3.2%
Martell Webster
3.2%
Remove Ads.
Support Sporcle.
Get the best of Sporcle when you Go Orange. This ad-free experience offers more features, more stats, and more fun while also helping to support Sporcle. Thank you for becoming a member.

You're not logged in!

Compare scores with friends on all Sporcle quizzes.
OR
Log In

Sporcle TV

Today on Sporcle TV


Watch our educational content, quiz creation guides, and fun videos on Sporcle TV.

Show Comments

Extras

Top Quizzes Today


Score Distribution

Paid Content

Your Account Isn't Verified!

In order to create a playlist on Sporcle, you need to verify the email address you used during registration. Go to your Sporcle Settings to finish the process.

Report this User

Report this user for behavior that violates our Community Guidelines.

Details: